| 000 | 00659nam a2200241Ia 4500 | ||
|---|---|---|---|
| 008 | 180523s9999 xx 000 0 und d | ||
| 020 | _a981-232-185-3 | ||
| 050 | _aMAIN DS 615 | ||
| 050 | _b.M57 2001 | ||
| 100 | _aMirpuri, Gouri. | ||
| 245 | 0 | _aIndonesia / | |
| 245 | 0 | _cGouri Mirpuri, Robert Cooper. | |
| 260 | _aSingapore : | ||
| 260 | _bTimes Books Int'l., | ||
| 260 | _c2001 | ||
| 300 | _a144 pages : | ||
| 300 | _bcolored illustrations ; | ||
| 300 | _c23 cm. | ||
| 440 | _aCultures of the world. | ||
| 500 | _aIncludes bibliographical references and index. | ||
| 650 | _aIndonesia. | ||
| 650 | _xIndonesia -- Social life and customs. | ||
| 999 |
_c356614 _d356614 |
||